000 00727nam a22002177i 4500
999 _c23252
_d23252
003 AR-CdUCM
008 250409b20202020 pe||||| |||| 00| 0 spa d
020 _a978-2-89829-056-5
040 _aMUNICIPALIDAD PROVINCIAL DEL CUSCO
_cBIBLIOTECA MUNICIPAL DEL CUSCO
041 _hspa
082 _aPI / 869.56 / L36R
_bL36R
100 _aLeduc, Arianne
_951063
245 _aRescate en el festival de los piratas :
_bDora y sus amigos en la ciudad /
260 _aQuebec :
_bImagine publications
_c2020
300 _a32 páginas. :
_bIlustraciones
_c23x15 cm.
650 _aLiteratura infantil
_9588
650 _aPrimera infancia
_924660
856 _fwww.papinternational.com
942 _2ddc
_cLIBROS
945 _apbjr
_d9-04-2025